John Bunyan : (Record no. 1092)

MARC details
000 -LEADER
fixed length control field 00906cam a2200301Ia 4500
001 - CONTROL NUMBER
control field 35984704
003 - CONTROL NUMBER IDENTIFIER
control field OCoLC
005 - DATE AND TIME OF LATEST TRANSACTION
control field 20180904115541.0
008 - FIXED-LENGTH DATA ELEMENTS--GENERAL INFORMATION
fixed length control field 961122s1996 ohu b 000 0beng d
020 ## - INTERNATIONAL STANDARD BOOK NUMBER
International Standard Book Number 1557488797
020 ## - INTERNATIONAL STANDARD BOOK NUMBER
International Standard Book Number 9781557488794
035 ## - SYSTEM CONTROL NUMBER
System control number (OCoLC)35984704
040 ## - CATALOGING SOURCE
Original cataloging agency PTS
Transcribing agency PTS
Modifying agency TCA
-- OCL
-- OCLCQ
-- BAKER
-- OCLCG
043 ## - GEOGRAPHIC AREA CODE
Geographic area code e-uk-en
082 ## - DEWEY DECIMAL CLASSIFICATION NUMBER
Classification number 823.4
Item number W452J
090 ## - LOCALLY ASSIGNED LC-TYPE CALL NUMBER (OCLC); LOCAL CALL NUMBER (RLIN)
Classification number (OCLC) (R) ; Classification number, CALL (RLIN) (NR) BR1704
Local cutter number (OCLC) ; Book number/undivided call number, CALL (RLIN) .W446 1996
092 ## - LOCALLY ASSIGNED DEWEY CALL NUMBER (OCLC)
Classification number 823.42092
Item number B9429w
100 1# - MAIN ENTRY--PERSONAL NAME
Personal name Wellman, Sam.
245 10 - TITLE STATEMENT
Title John Bunyan :
Remainder of title author of The Pilgrim's Progress /
Statement of responsibility, etc. Sam Wellam.
260 ## - PUBLICATION, DISTRIBUTION, ETC.
Place of publication, distribution, etc. Ulrichsville, OH :
Name of publisher, distributor, etc. Barbour,
Date of publication, distribution, etc. 1996.
300 ## - PHYSICAL DESCRIPTION
Extent 203 p. ;
Dimensions 21 cm.
440 #0 - SERIES STATEMENT/ADDED ENTRY--TITLE
Title Heroes of the faith
504 ## - BIBLIOGRAPHY, ETC. NOTE
Bibliography, etc. note Includes bibliographical references.
600 10 - SUBJECT ADDED ENTRY--PERSONAL NAME
Personal name Bunyan, John,
Dates associated with a name 1628-1688.
650 #0 - SUBJECT ADDED ENTRY--TOPICAL TERM
Topical term or geographic name entry element Authors, English
Chronological subdivision Early modern, 1500-1700
Form subdivision Biography.
650 #0 - SUBJECT ADDED ENTRY--TOPICAL TERM
Topical term or geographic name entry element Puritans
Geographic subdivision England
Form subdivision Biography.
942 ## - ADDED ENTRY ELEMENTS (KOHA)
Source of classification or shelving scheme Dewey Decimal Classification
Koha item type Books
Holdings
Withdrawn status Lost status Source of classification or shelving scheme Damaged status Not for loan Collection code Home library Current library Shelving location Date acquired Cost, normal purchase price Total Checkouts Full call number Barcode Date last seen Price effective from Koha item type
    Dewey Decimal Classification     Non-fiction Harvest Mission College Harvest Mission College General Stacks 04.09.2018 400.00   823.4 W452J 003343 04.09.2018 04.09.2018 Books

OPAC Designed and Maintained by HMC Library Team.
Copyright © HMC Library,Greater Noida, UP.
For any Suggestions/Query Contact library via Email:libhmc@gmail.com